[Event "Titled Tuesday intern op 17th Sep Late"]
[Site "Chess,com INT"]
[Date "2024.09.17"]
[Round "3"]
[White "Barredo, Ruther"]
[Black "Gulamirian, Korun"]
[Result "1-0"]
[WhiteElo "1816"]
[BlackElo "1890"]
[PlyCount "77"]
[EventDate "2024.09.17"]
[EventType "swiss (blitz)"]
[EventRounds "11"]
[EventCountry "USA"]
[SourceTitle "EXT 2025"]
[Source "ChessBase"]
[SourceDate "2024.10.14"]
[SourceVersion "1"]
[SourceVersionDate "2024.10.14"]
[SourceQuality "1"]

1. d4 Nf6 2. Nf3 g6 3. c4 c5 4. d5 b5 5. cxb5 a6 6. bxa6 Bxa6 7. Nc3 Bg7 8. e4 Bxf1 9. Kxf1 d6 10. g3 0-0 11. Kg2 Nbd7 12. h3 Ra5 13. Re1 Qa8 14. Bf4 Rb8 15. Re2 Nh5 16. Bc1 Ne5 17. Nxe5 Bxe5 18. Rc2 Bd4 19. Qe2 Ng7 20. Be3 e5 21. dxe6 Nxe6 22. Nd5 Qa7 23. a3 Bxe3 24. Qxe3 Nd4 25. Qh6 f5 26. Rd2 Qg7 27. Qxg7+ Kxg7 28. exf5 gxf5 29. Re1 Rb7 30. Re3 Kf7 31. b4 Ra4 32. Rc3 Nb5 33. Rf3 Kg6 34. Nf4+ Kf6 35. bxc5 Rxa3 36. Rxa3 Nxa3 37. Rxd6+ Kf7 38. c6 Rc7 39. Nd5 1-0